| 000 | 01614cam a2200385 a 4500 | ||
|---|---|---|---|
| 001 | 2504408 | ||
| 003 | OSt | ||
| 005 | 20140310182130.0 | ||
| 008 | 920529s1993 nyua j 000 0aeng | ||
| 010 | _a 92021831 | ||
| 020 | _a9780439611817 | ||
| 040 |
_aDLC _cDLC _dDLC _dOCoLC _dDLC |
||
| 042 | _alcac | ||
| 043 | _ae-ur-un | ||
| 050 | 0 | 0 |
_aDS 135.R93 _b.T651 1993 |
| 082 | 0 | 0 |
_aHS 940.53 _b.T57 2004 |
| 100 | 1 | _aToll, Nelly S. | |
| 245 | 1 | 0 |
_aBehind the secret window : _ba memoir of a hidden childhood during World War Two / _cNelly S. Toll. |
| 260 |
_aNew York : _bScholastic Inc, _cc1993. |
||
| 300 |
_axiii, 161 p. : _bill. ; _c19 cm. |
||
| 541 | _j1 | ||
| 562 | _e1 | ||
| 600 | 1 | 0 |
_aToll, Nelly S. _xJuvenile literature. _914623 |
| 600 | 1 | 1 | _aToll, Nelly S. |
| 650 | 0 |
_aJews _xPersecutions _zUkraine _zLʹviv _xJuvenile literature. _914624 |
|
| 650 | 0 |
_aHolocaust, Jewish (1939-1945) _zUkraine _zLʹviv _xPersonal narratives _xJuvenile literature. _914625 |
|
| 650 | 0 |
_aWorld War, 1939-1945 _xChildren _zUkraine _zLʹviv _xJuvenile literature. _914626 |
|
| 650 | 1 |
_aJews _xPersecutions _zUkraine _zLʹviv. _914627 |
|
| 650 | 1 |
_aHolocaust, Jewish (1939-1945) _zUkraine _zLʹviv _xPersonal narratives. _914628 |
|
| 650 | 1 |
_aWorld War, 1939-1945 _zUkraine _zLʹviv. _914629 |
|
| 651 | 0 |
_aLʹviv (Ukraine) _xEthnic relations _xJuvenile literature. _914630 |
|
| 906 |
_a7 _bcbc _corignew _d1 _eocip _f19 _gy-gencatlg |
||
| 942 |
_2lcc _cHS |
||
| 999 |
_c9676 _d9676 |
||